000 00853nam a2200265Ia 4500
999 _c56489
_d56489
001 23602
003 GE_BSU
005 20221111162856.0
008 181216s2014||||en |||||||||||||| ||eng||
020 _a9780763669904x
040 _cGE_BSU
041 _aeng
080 _a721 D-57
100 _aDillon, Patrick
_94585
245 4 _aThe Story of Buildings: From the Pyramids to the Sydney Opera House and Beyond /
_cPatrick Dillon ; Illustrated by : Stephen Biesty
260 _aDongguan
260 _bCandlewick Press
260 _c2014
300 _a95 p.:
_b ill ;
_c30 cm.
653 _aThe Story of Buildings: From the Pyramids to the Sydney Opera House and Beyond
653 _aАрхитектура
653 _aარქიტექტურა
700 _aBiesty, Stephen
_eმხატვარი
_94586
942 _cBK
_2udc